[Event "American Continental 17th"]
[Site "Juan Dolio"]
[Date "2023.05.15"]
[Round "1"]
[White "Roselli Mailhe, Bernardo"]
[Black "Encinas Varela, David"]
[Result "1-0"]
[WhiteElo "2380"]
[BlackElo "1940"]
[PlyCount "71"]
[EventDate "2023.05.15"]
[EventType "swiss"]
[EventRounds "11"]
[EventCountry "DOM"]
[SourceTitle "CBM 214 Extra"]
[Source "ChessBase"]
[SourceDate "2023.07.31"]
[SourceVersion "1"]
[SourceVersionDate "2023.07.31"]
[SourceQuality "1"]

1. d4 Nf6 2. c4 g6 3. Nc3 Bg7 4. e4 d6 5. Nf3 0-0 6. Be2 e5 7. d5 a5 8. Bg5 Na6 9. Nd2 h6 10. Be3 Nd7 11. 0-0 f5 12. f3 f4 13. Bf2 Rf7 14. a3 Bf8 15. b4 g5 16. Nb3 Rg7 17. Nxa5 Nf6 18. c5 Qe8 19. cxd6 Bxd6 20. Nc4 g4 21. fxg4 Bxg4 22. Bh4 Bxe2 23. Qxe2 Ng4 24. h3 Qh5 25. Be1 Nf6 26. Qxh5 Nxh5 27. Rc1 Kh7 28. Nb5 Rag8 29. Rc2 Rg6 30. Bh4 f3 31. Rxf3 Nf4 32. Ne3 R8g7 33. Kh2 Nd3 34. Nf5 Naxb4 35. axb4 Nxb4 36. Rb2 1-0

[Event "Carlos Torre Memorial op 32nd"]
[Site "Merida"]
[Date "2022.12.17"]
[Round "3"]
[White "Rosillo Flores, Jorge"]
[Black "Encinas Varela, David"]
[Result "1-0"]
[WhiteElo "2083"]
[BlackElo "1961"]
[PlyCount "225"]
[EventDate "2022.12.16"]
[EventType "swiss"]
[EventRounds "9"]
[EventCountry "MEX"]
[SourceTitle "CBM 212 Extra"]
[Source "ChessBase"]
[SourceDate "2023.03.31"]
[SourceVersion "1"]
[SourceVersionDate "2023.03.31"]
[SourceQuality "1"]

1. d4 Nf6 2. c4 g6 3. Nc3 Bg7 4. e4 d6 5. Nf3 0-0 6. Be2 Nc6 7. d5 Nb8 8. 0-0 a5 9. Be3 Na6 10. a3 Nc5 11. Qc2 a4 12. Bxc5 dxc5 13. Nxa4 Nxe4 14. Bd3 Bd7 15. Bxe4 Bxa4 16. Qe2 Qd6 17. Rab1 Bd7 18. Qe3 Ra4 19. b4 cxb4 20. c5 Qf6 21. axb4 Rfa8 22. h3 Ra3 23. Qe2 Ra2 24. Qc4 Qc3 25. Qxc3 Bxc3 26. Rfc1 Bf6 27. d6 exd6 28. Bxb7 R8a7 29. c6 Bf5 30. Rb3 Be6 31. Rbb1 Bd5 32. b5 Ra1 33. Rxa1 Rxa1 34. Rxa1 Bxa1 35. b6 cxb6 36. Ba8 Bc4 37. Bb7 Bd5 38. Ba8 Bc4 39. Nd2 Be6 40. c7 b5 41. Bb7 b4 42. c8Q+ Bxc8 43. Bxc8 Bc3 44. Nb3 Kg7 45. Kf1 Kf6 46. Ke2 Ke5 47. Bb7 f5 48. Kd3 Be1 49. Ke2 Bc3 50. Bc6 g5 51. Be8 g4 52. h4 f4 53. Bd7 g3 54. f3 d5 55. Kd3 Be1 56. Ba4 Bf2 57. Nc1 h5 58. Be8 Bb6 59. Bxh5 Bd8 60. Be8 Bxh4 61. Ne2 Be7 62. Ba4 Bc5 63. Bb3 Be3 64. Nxg3 Bc5 65. Nh5 Bf8 66. Bd1 Kf5 67. Kd4 Kg5 68. g4 fxg3 69. Nxg3 b3 70. Ne2 b2 71. Bc2 Bb4 72. Kxd5 Bd2 73. Ke4 Bc1 74. f4+ Bxf4 75. Nxf4 Kf6 76. Nd3 Ke6 77. Nxb2 Kd6 78. Bb3 Kc5 79. Nd3+ Kd6 80. Kd4 Kd7 81. Kd5 Ke7 82. Ne5 Kf6 83. Nd3 Kf5 84. Kd6 Kf6 85. Be6 Kg5 86. Ke5 Kg6 87. Nc5 Kg7 88. Kf5 Kh6 89. Nd3 Kg7 90. Kg5 Kh7 91. Ne5 Kg7 92. Nf7 Kh7 93. Kf6 Kg8 94. Bf5 Kf8 95. Bh7 Ke8 96. Ne5 Kf8 97. Nd7+ Ke8 98. Ke6 Kd8 99. Kd6 Ke8 100. Bg6+ Kd8 101. Bf7 Kc8 102. Ke7 Kc7 103. Bd5 Kc8 104. Kd6 Kd8 105. Bf7 Kc8 106. Nc5 Kd8 107. Nb7+ Kc8 108. Kc6 Kb8 109. Kb6 Kc8 110. Be6+ Kb8 111. Nc5 Ka8 112. Bf5 Kb8 113. Na6+ 1-0

[Event "American Continental 16th"]
[Site "San Salvador"]
[Date "2022.05.09"]
[Round "10"]
[White "Barrera Meza, Carlos"]
[Black "Encinas Varela, David"]
[Result "1-0"]
[WhiteElo "2143"]
[BlackElo "1908"]
[PlyCount "61"]
[EventDate "2022.05.02"]
[EventType "swiss"]
[EventRounds "11"]
[EventCountry "ESA"]
[SourceTitle "CBM 208 Extra"]
[Source "ChessBase"]
[SourceDate "2022.07.31"]
[SourceVersion "1"]
[SourceVersionDate "2022.07.31"]
[SourceQuality "1"]

1. e4 c5 2. Nf3 d6 3. d4 cxd4 4. Nxd4 Nf6 5. Nc3 Nc6 6. Bc4 Qb6 7. Nb3 e6 8. Be3 Qc7 9. Qe2 Be7 10. 0-0-0 a6 11. Kb1 b5 12. Bd3 Ne5 13. f4 Nxd3 14. cxd3 0-0 15. Rc1 Qd8 16. g4 Kh8 17. g5 Ng8 18. Rhg1 b4 19. Na4 Bd7 20. Nb6 Rb8 21. Nxd7 Qxd7 22. Rg3 f5 23. exf5 Rxf5 24. Nd4 Ra5 25. Nc6 Qc7 26. Rh3 b3 27. Nxa5 bxa2+ 28. Ka1 Qxa5 29. Rxh7+ Kxh7 30. Qh5+ Nh6 31. g6+ 1-0

[Event "American Continental 16th"]
[Site "San Salvador"]
[Date "2022.05.04"]
[Round "4"]
[White "Encinas Varela, David"]
[Black "Bogantes Robleto, Karina"]
[Result "0-1"]
[WhiteElo "1908"]
[BlackElo "1707"]
[PlyCount "136"]
[EventDate "2022.05.02"]
[EventType "swiss"]
[EventRounds "11"]
[EventCountry "ESA"]
[SourceTitle "CBM 208 Extra"]
[Source "ChessBase"]
[SourceDate "2022.07.31"]
[SourceVersion "1"]
[SourceVersionDate "2022.07.31"]
[SourceQuality "1"]

1. e4 c5 2. Nf3 Nc6 3. d3 g6 4. g3 Bg7 5. Bg2 d6 6. 0-0 e6 7. Nbd2 Nge7 8. Nh4 0-0 9. f4 Rb8 10. g4 f5 11. gxf5 exf5 12. Ndf3 Nd4 13. e5 Nec6 14. Ng5 dxe5 15. c3 exf4 16. Bxf4 Be5 17. Be3 f4 18. cxd4 cxd4 19. Qb3+ Kg7 20. Nxh7 Kxh7 21. Bf2 Bg4 22. Be4 Bf5 23. Nxf5 gxf5 24. Bf3 Qf6 25. Kh1 Qf7 26. Bd5 Qh5 27. Bg1 Rf6 28. Bf3 Qg5 29. Rae1 Bd6 30. Re6 Ne5 31. Rxf6 Qxf6 32. Bxd4 Rg8 33. Bxe5 Bxe5 34. Qxb7+ Rg7 35. Qc6 Qg5 36. Qe8 Bxb2 37. Qh5+ Qxh5 38. Bxh5 Bd4 39. Bf3 Be3 40. Rb1 Kg8 41. Bd5+ Kh7 42. Rb7 Rxb7 43. Bxb7 Kg6 44. Kg2 Kg5 45. Bc8 Bd4 46. Kf3 Be3 47. h3 Kg6 48. Be6 Kf6 49. Bd7 Kg6 50. Be8+ Kg5 51. Bd7 Kg6 52. a3 Kg5 53. h4+ Kh5 54. Bxf5 Kxh4 55. Ke4 Kg3 56. d4 Bd2 57. d5 f3 58. Ke5 f2 59. Bd3 Kg2 60. d6 f1Q 61. Bxf1+ Kxf1 62. d7 Ba5 63. Ke6 Ke2 64. Ke7 Kd3 65. d8Q+ Bxd8+ 66. Kxd8 Kc4 67. a4 Kb4 68. Kc7 Kxa4 0-1

[Event "American Continental 16th"]
[Site "San Salvador"]
[Date "2022.05.03"]
[Round "3"]
[White "Arvelo Leo, Gian Carlo"]
[Black "Encinas Varela, David"]
[Result "1-0"]
[WhiteElo "2229"]
[BlackElo "1908"]
[PlyCount "109"]
[EventDate "2022.05.02"]
[EventType "swiss"]
[EventRounds "11"]
[EventCountry "ESA"]
[SourceTitle "CBM 208 Extra"]
[Source "ChessBase"]
[SourceDate "2022.07.31"]
[SourceVersion "1"]
[SourceVersionDate "2022.07.31"]
[SourceQuality "1"]

1. d4 Nf6 2. Bg5 c5 3. d5 d6 4. Nc3 Nbd7 5. e4 g6 6. Be2 Bg7 7. Nf3 a6 8. a4 b6 9. Nd2 h6 10. Be3 Ne5 11. f4 Neg4 12. Bg1 h5 13. h3 Nh6 14. Nc4 0-0 15. Bh2 Bb7 16. Bf3 Ne8 17. g4 f5 18. gxf5 gxf5 19. e5 b5 20. axb5 axb5 21. Rxa8 Qxa8 22. Nxb5 Qa4 23. Nba3 dxe5 24. fxe5 f4 25. 0-0 Qd7 26. Bg2 Nc7 27. Nb6 Qf5 28. Rxf4 Qg6 29. Rxf8+ Bxf8 30. Qd2 Qxb6 31. d6 c4+ 32. Qf2 Qxf2+ 33. Kxf2 Bxg2 34. d7 Nf7 35. Kxg2 c3 36. bxc3 e6 37. Nc4 Nd5 38. Na5 Nxc3 39. Nc6 Nd5 40. d8Q Nxd8 41. Nxd8 Ne3+ 42. Kf3 Nxc2 43. Nxe6 Be7 44. Ke4 Kh7 45. Nf4 Kh6 46. Nd5 Bd8 47. Bf4+ Kg6 48. e6 Ba5 49. Ke5 Nb4 50. Nxb4 Bxb4 51. h4 Be1 52. Bg5 Bg3+ 53. Kd5 Kg7 54. Kc6 Be1 55. e7 1-0

[Event "Iberoamerican-ch 8th"]
[Site "Mexico City"]
[Date "2022.02.18"]
[Round "8"]
[White "Encinas Varela, David"]
[Black "Martinez Morales, Geovanni"]
[Result "1/2-1/2"]
[WhiteElo "1862"]
[BlackElo "2098"]
[PlyCount "55"]
[EventDate "2022.02.12"]
[EventType "swiss"]
[EventRounds "9"]
[EventCountry "MEX"]
[SourceTitle "CBM 206 Extra"]
[Source "ChessBase"]
[SourceDate "2022.03.31"]
[SourceVersion "1"]
[SourceVersionDate "2022.03.31"]
[SourceQuality "1"]

1. e4 e6 2. d3 d5 3. Nd2 Nf6 4. Ngf3 Nc6 5. g3 dxe4 6. dxe4 Bc5 7. Bg2 e5 8. 0-0 0-0 9. Qe2 Qe7 10. Nb3 Bb6 11. c3 a5 12. Be3 Bxe3 13. Qxe3 b6 14. Rfd1 Ba6 15. Nh4 Qe6 16. Nf5 h6 17. Bh3 Qc4 18. Nxh6+ Kh7 19. Qg5 Nxe4 20. Bf5+ g6 21. Qh4 gxf5 22. Nd4 Nxd4 23. Nxf5+ Kg6 24. Ne7+ Kg7 25. cxd4 Qe2 26. Nf5+ Kg6 27. Ne7+ Kg7 28. Nf5+ 1/2-1/2

[Event "Iberoamerican-ch 8th"]
[Site "Mexico City"]
[Date "2022.02.17"]
[Round "7"]
[White "Blanco Fernandez, Alvaro"]
[Black "Encinas Varela, David"]
[Result "1/2-1/2"]
[WhiteElo "2216"]
[BlackElo "1862"]
[PlyCount "131"]
[EventDate "2022.02.12"]
[EventType "swiss"]
[EventRounds "9"]
[EventCountry "MEX"]
[SourceTitle "CBM 206 Extra"]
[Source "ChessBase"]
[SourceDate "2022.03.31"]
[SourceVersion "1"]
[SourceVersionDate "2022.03.31"]
[SourceQuality "1"]

1. d4 Nf6 2. c4 g6 3. Nc3 Bg7 4. e4 d6 5. Be2 0-0 6. Be3 Nc6 7. Nf3 e5 8. d5 Ne7 9. Nd2 Nd7 10. Qc2 f5 11. f3 b6 12. 0-0-0 a5 13. Kb1 Nc5 14. Nb3 Bd7 15. Nxc5 bxc5 16. a4 Nc8 17. Nb5 Nb6 18. b3 Be8 19. Bd3 Nd7 20. g4 f4 21. Bf2 Nb8 22. Bf1 Na6 23. h4 Nb4 24. Qe2 Bxb5 25. cxb5 h6 26. g5 h5 27. Bh3 Re8 28. Kb2 Rb8 29. Qc4 Kh7 30. Ra1 Rb7 31. Rhc1 Qb8 32. Be1 Qa7 33. Bc3 Re7 34. Rd1 Bf8 35. Rd2 Rg7 36. Qf1 Re7 37. Rc1 Rb8 38. Be6 Ra8 39. Qh3 Bg7 40. Bf5 Rf8 41. Be6 Qb6 42. Qg2 c6 43. Bxb4 cxb5 44. Ba3 b4 45. Rc4 bxa3+ 46. Kxa3 Rb8 47. Rb2 Reb7 48. Qc2 Qd8 49. Bh3 Rb4 50. Rxb4 Rxb4 51. Bf1 Qb8 52. Qg2 Rd4 53. Bb5 Qb6 54. Rc2 Rd1 55. Rc4 Rd3 56. Qh3 Re3 57. Ka2 Re2+ 58. Kb1 Re1+ 59. Kc2 Re2+ 60. Kc1 Re3 61. Kc2 Re2+ 62. Kc1 Re3 63. Kb2 Re2+ 64. Ka3 Re3 65. Kb2 Re2+ 66. Kc1 1/2-1/2

[Event "Iberoamerican-ch 8th"]
[Site "Mexico City"]
[Date "2022.02.15"]
[Round "5"]
[White "Encinas Varela, David"]
[Black "Hernandez Jimenez, Alexander Andres"]
[Result "1-0"]
[WhiteElo "1862"]
[BlackElo "2167"]
[PlyCount "82"]
[EventDate "2022.02.12"]
[EventType "swiss"]
[EventRounds "9"]
[EventCountry "MEX"]
[SourceTitle "CBM 206 Extra"]
[Source "ChessBase"]
[SourceDate "2022.03.31"]
[SourceVersion "1"]
[SourceVersionDate "2022.03.31"]
[SourceQuality "1"]

1. e4 e5 2. Nf3 Nc6 3. Bc4 Nf6 4. d3 h6 5. 0-0 d6 6. h3 g6 7. Nc3 Bg7 8. Be3 0-0 9. Qd2 Kh7 10. d4 Nxe4 11. Nxe4 d5 12. Bxd5 Qxd5 13. Bxh6 Nxd4 14. Nxd4 Qxe4 15. Bxg7 Kxg7 16. Ne2 b6 17. Ng3 Qf4 18. Qc3 Qd4 19. Qxc7 Ba6 20. c3 Qc5 21. Qxc5 bxc5 22. Rfd1 Rab8 23. b3 Rfd8 24. Ne4 c4 25. b4 Bb5 26. Nd6 Ba4 27. Rd2 a5 28. a3 Bb3 29. Re1 f6 30. f4 axb4 31. axb4 exf4 32. Re4 Ra8 33. Rxf4 f5 34. Rfd4 Ra1+ 35. Kh2 Rf8 36. Nxc4 Rc8 37. Rd7+ Kh6 38. Ne5 Rxc3 39. R2d6 Kg5 40. Nxg6 Re1 41. h4+ Kg4 1-0

[Event "FIDE World Cup Mexico Qual"]
[Site "Mexico City"]
[Date "2021.05.28"]
[Round "5"]
[White "Diaz Gonzalez Jardon, Emmanuel"]
[Black "Encinas Varela, David"]
[Result "1-0"]
[WhiteElo "1603"]
[BlackElo "1955"]
[PlyCount "67"]
[EventDate "2021.05.26"]
[EventType "swiss"]
[EventRounds "9"]
[EventCountry "MEX"]
[SourceTitle "CBM 202 Extra"]
[Source "ChessBase"]
[SourceDate "2021.07.31"]
[SourceVersion "1"]
[SourceVersionDate "2021.07.31"]
[SourceQuality "1"]

1. c4 Nf6 2. Nc3 g6 3. g3 Bg7 4. Bg2 0-0 5. d4 d6 6. e3 Nbd7 7. Nge2 e5 8. 0-0 Re8 9. Rb1 e4 10. d5 Nc5 11. b3 a6 12. h3 h5 13. Nd4 Bf5 14. Nxf5 gxf5 15. Bb2 Nd3 16. Ba1 Kh7 17. Kh2 Kg6 18. Bh1 Rh8 19. f3 Ng4+ 20. fxg4 hxg4 21. Nxe4 Rxh3+ 22. Kg1 Qh8 23. Bg2 Ne5 24. Kf2 Rh2 25. Qe2 Qh3 26. Kg1 Qh5 27. Nd2 Rh8 28. e4 Bh6 29. Bd4 f4 30. gxf4 Nf3+ 31. Nxf3 gxf3 32. Qxf3 Bxf4 33. Qxh5+ R8xh5 34. Rxf4 1-0

[Event "FIDE World Cup Mexico Qual"]
[Site "Mexico City"]
[Date "2021.05.27"]
[Round "3"]
[White "Benitez Lozano, Javier"]
[Black "Encinas Varela, David"]
[Result "1-0"]
[WhiteElo "2367"]
[BlackElo "1955"]
[PlyCount "109"]
[EventDate "2021.05.26"]
[EventType "swiss"]
[EventRounds "9"]
[EventCountry "MEX"]
[SourceTitle "CBM 202 Extra"]
[Source "ChessBase"]
[SourceDate "2021.07.31"]
[SourceVersion "1"]
[SourceVersionDate "2021.07.31"]
[SourceQuality "1"]

1. c4 Nf6 2. Nc3 d6 3. g3 g6 4. Bg2 Bg7 5. e4 c5 6. Nge2 Nc6 7. d3 0-0 8. 0-0 Ne8 9. Be3 Nc7 10. d4 cxd4 11. Nxd4 Ne6 12. Nde2 Qa5 13. a3 Bd7 14. c5 Ne5 15. cxd6 exd6 16. Qxd6 Bc6 17. Qb4 Qxb4 18. axb4 a6 19. Rad1 Nc4 20. Bc1 Rfd8 21. b3 Nd6 22. Be3 Nb5 23. Nd5 Bxd5 24. exd5 Nec7 25. Bb6 Rd7 26. Nf4 Nc3 27. Rd3 N7b5 28. Bh3 f5 29. Re1 Ne4 30. Ne6 Bc3 31. Ree3 Bxb4 32. g4 fxg4 33. Rxe4 gxh3 34. Rxb4 Re8 35. Re4 Rc8 36. Rc4 Re8 37. Re4 Rc8 38. Re1 Rc2 39. Rf3 h6 40. Nd4 Nxd4 41. Bxd4 Re7 42. Be3 Rd7 43. Rxh3 Rxd5 44. Rxh6 Kg7 45. Rh3 g5 46. Rg3 Kf6 47. Kg2 Ra2 48. Rc1 Re2 49. Rc8 Rb5 50. Rg8 Kf7 51. R3xg5 Rxb3 52. Kf3 Rc2 53. R8g6 Rc5 54. Rg7+ Kf8 55. Rxb7 1-0

[Event "North American op 28th"]
[Site "Las Vegas"]
[Date "2018.12.29"]
[Round "8"]
[White "Vidyarthi, Vyom"]
[Black "Encinas Varela, David"]
[Result "1/2-1/2"]
[WhiteElo "2008"]
[BlackElo "1885"]
[PlyCount "116"]
[EventDate "2018.12.26"]
[EventType "swiss"]
[EventRounds "9"]
[EventCountry "USA"]
[SourceTitle "CBM 188 Extra"]
[Source "ChessBase"]
[SourceDate "2019.02.26"]
[SourceVersion "1"]
[SourceVersionDate "2019.02.26"]
[SourceQuality "1"]

1. d4 Nf6 2. Bf4 g6 3. Nc3 d6 4. e4 Bg7 5. Nf3 0-0 6. Be2 c6 7. 0-0 Qc7 8. Qd2 Re8 9. e5 Nh5 10. exd6 exd6 11. Bc4 Nxf4 12. Qxf4 b5 13. Bb3 Na6 14. Rfe1 Rf8 15. Ne4 d5 16. Nf6+ Bxf6 17. Qxf6 Be6 18. Ne5 Nb8 19. Qf4 Rc8 20. Qh6 Nd7 21. Nd3 Re8 22. a4 a6 23. Re3 Bf5 24. Rae1 Rxe3 25. Qxe3 Bxd3 26. Qxd3 Nf6 27. h3 Ne4 28. c3 Qf4 29. Qe3 Qxe3 30. Rxe3 Kf8 31. Bc2 Nd6 32. Re1 Re8 33. Rxe8+ Kxe8 34. axb5 axb5 35. Bd3 Ke7 36. f3 Nc8 37. Kf2 Nb6 38. b3 Nc8 39. Ke3 Nd6 40. g4 h6 41. h4 g5 42. hxg5 hxg5 43. Kd2 Kd7 44. Kc2 Kc7 45. Kb2 Kb6 46. Ka3 c5 47. dxc5+ Kxc5 48. b4+ Kc6 49. Kb3 Nc4 50. Kc2 Kd6 51. Kd1 Nb2+ 52. Ke2 Nxd3 53. Kxd3 Ke5 54. Ke3 f5 55. gxf5 Kxf5 56. Kd3 Kf4 57. Ke2 Kf5 58. Kd3 Kf4 1/2-1/2

[Event "North American op 28th"]
[Site "Las Vegas"]
[Date "2018.12.26"]
[Round "2"]
[White "Encinas Varela, David"]
[Black "Kolay, Alex"]
[Result "1-0"]
[WhiteElo "1885"]
[BlackElo "2270"]
[PlyCount "95"]
[EventDate "2018.12.26"]
[EventType "swiss"]
[EventRounds "9"]
[EventCountry "USA"]
[SourceTitle "CBM 188 Extra"]
[Source "ChessBase"]
[SourceDate "2019.02.26"]
[SourceVersion "1"]
[SourceVersionDate "2019.02.26"]
[SourceQuality "1"]

1. e4 e6 2. d4 d5 3. e5 c5 4. c3 Nc6 5. Nf3 Bd7 6. a3 f6 7. exf6 Nxf6 8. Bd3 Bd6 9. Be3 cxd4 10. cxd4 0-0 11. Nc3 Be8 12. Ng5 Qe7 13. f4 h6 14. h4 Nh5 15. Qg4 hxg5 16. hxg5 g6 17. g3 Bc7 18. 0-0-0 Bb6 19. Bc2 Qg7 20. Ne2 e5 21. f5 e4 22. f6 Qc7 23. Kb1 Rf7 24. Bb3 Rd8 25. Qh4 Rh7 26. Qxe4 Bf7 27. Qf3 Na5 28. Ba2 Nc4 29. Bf4 Nxf4 30. Rxh7 Kxh7 31. Nxf4 Nd6 32. Nxd5 Bxd5 33. Rh1+ Kg8 34. Bxd5+ Nf7 35. Rh7 Rd7 36. Qh1 Rxd5 37. Rg7+ Kf8 38. Qxd5 Ba5 39. Rxg6 Qxg3 40. Qc5+ Nd6 41. Rg7 Bb6 42. Qd5 Qd3+ 43. Ka2 Qc4+ 44. Qxc4 Nxc4 45. Rd7 Ne3 46. g6 Ng4 47. Rxb7 Nxf6 48. Rf7+ 1-0

[Event "North American op 28th"]
[Site "Las Vegas"]
[Date "2018.12.26"]
[Round "1"]
[White "Morshedi, Ali"]
[Black "Encinas Varela, David"]
[Result "1/2-1/2"]
[WhiteElo "2262"]
[BlackElo "1885"]
[PlyCount "116"]
[EventDate "2018.12.26"]
[EventType "swiss"]
[EventRounds "9"]
[EventCountry "USA"]
[SourceTitle "CBM 188 Extra"]
[Source "ChessBase"]
[SourceDate "2019.02.26"]
[SourceVersion "1"]
[SourceVersionDate "2019.02.26"]
[SourceQuality "1"]

1. c4 Nf6 2. g3 g6 3. Bg2 Bg7 4. Nc3 0-0 5. e4 e5 6. Nge2 Nc6 7. 0-0 Nd4 8. d3 d6 9. h3 Nh5 10. g4 Nxe2+ 11. Nxe2 Nf4 12. Nxf4 exf4 13. Bxf4 Bxb2 14. Rb1 Bd4 15. Qd2 Rb8 16. Bg5 Qd7 17. Bh6 Re8 18. Kh1 b6 19. f4 f5 20. gxf5 Bb7 21. fxg6 hxg6 22. f5 gxf5 23. Rxf5 Re7 24. Rbf1 Bg7 25. Bxg7 Rxg7 26. Qh6 Re8 27. Bf3 Qxf5 28. Qxg7+ Kxg7 29. exf5 Bxf3+ 30. Rxf3 Re2 31. a4 Ra2 32. h4 Rxa4 33. h5 Ra1+ 34. Kg2 Re1 35. Kg3 Kf6 36. h6 Rh1 37. Kg4 Rxh6 38. Re3 Kf7 39. d4 a5 40. Rb3 Rh1 41. c5 dxc5 42. dxc5 Rh6 43. Kg5 Rc6 44. cxb6 cxb6 45. Rb5 a4 46. Rb4 a3 47. Ra4 Rc3 48. Ra7+ Ke8 49. f6 Rf3 50. f7+ Kf8 51. Kg6 b5 52. Ra8+ Ke7 53. Ra7+ Kd6 54. Rxa3 Rxf7 55. Kxf7 Kc5 56. Ke6 b4 57. Ra8 b3 58. Ke5 Kc4 1/2-1/2